Statistics for 50 Female Singers

Click here to take the quiz!

General Stats

  • This quiz has been taken 393 times
    (283 since last reset)
  • The average score is 29 of 50

Answer Stats

SongSinger% Correct
Poker FaceLady Gaga
98%
UmbrellaRihanna
96%
Baby One More TimeBritney Spears
95%
Wrecking BallMiley Cyrus
95%
Single LadiesBeyonce
92%
RoarKaty Perry
92%
Hips Don't LieShakira
92%
ChandelierSia
88%
I Will Always Love YouWhitney Houston
88%
Tik TokKesha
85%
VogueMadonna
85%
HelloAdele
84%
Blank SpaceTaylor Swift
84%
Genie In A BottleChristina Aguilera
82%
RehabAmy Winehouse
81%
Call Me MaybeCarly Rae Jepsen
79%
FergaliciousFergie
77%
Super BassNicki Minaj
76%
Hollaback GirlGwen Stefani
73%
JoleneDolly Parton
72%
Price TagJessie J
72%
So WhatP!nk
72%
Since U Been GoneKelly Clarkson
69%
On The FloorJennifer Lopez
68%
Break FreeAriana Grande
63%
GirlfriendAvril Lavigne
60%
Can't Get You Out Of My HeadKylie Minogue
60%
Time After TimeCyndi Lauper
58%
Love You Like A Love SongSelena Gomez
58%
Fallin'Alicia Keys
56%
FancyIggy Azalea
55%
Bleeding LoveLeona Lewis
55%
I'm Like A BirdNelly Furtado
55%
Man! I Feel Like A Women!Shania Twain
53%
SkyscraperDemi Lovato
52%
Before He CheatsCarrie Underwood
46%
Touch My BodyMariah Carey
45%
Jar Of HeartsChristina Perri
37%
Left Outside AloneAnastacia
22%
Fight For This LoveCheryl
22%
BattlefieldJordin Sparks
22%
MotivationKelly Rowland
21%
The FearLily Allen
19%
How We DoRita Ora
18%
Knock You DownKeri Hilson
17%
Rock The BoatAaliyah
15%
Boy Does NothingAlesha Dixon
15%
RideCiara
13%
Don't Hold Your BreathNicole Scherzinger
9%
Dirty TalkWynter Gordon
6%

Score Distribution

Percentile by Number Answered

Percent of People with Each Score

Your Score History

You have not taken this quiz since the last reset